First Languages in Toronto - Statistics

General Stats
  • This quiz has been taken 58 times
  • The average score is 22 of 35
Answer Stats
Number Answer % Correct
3 061 820 English
100%
65 535 French
100%
126 500 Spanish
98%
29 425 German
96%
227 028 Mandarin
94%
151 415 Italian
92%
83 105 Russian
92%
104 305 Portuguese
90%
85 175 Arabic
88%
48 140 Hindi
85%
55 005 Korean
85%
69 860 Polish
83%
16 940 Greek
79%
247 710 Cantonese
77%
13 700 Turkish
75%
26 550 Ukrainian
71%
136 115 Tagalog
69%
100 640 Persian
67%
48 005 Vietnamese
67%
38 325 Bengali
65%
128 845 Urdu
63%
171 230 Punjabi
56%
109 580 Tamil
56%
21 420 Serbian
54%
25 075 Romanian
50%
10 390 Hebrew
44%
19 130 Hungarian
44%
16 525 Croatian
35%
64 115 Gujarati
31%
12 530 Malayalam
23%
12 570 Armenian
21%
13 260 Albanian
19%
13 255 Somali
19%
12 010 Macedonian
15%
10 195 Assyrian
0%
No matching quizzes found
Score Distribution
Percent of People with Each Score
Percentile by Number Answered
Your Score History
You have not taken this quiz